Organizácia a riadenie bankovníctva v ČSSR

Salvato in:
Dettagli Bibliografici
Autore principale: Gallo, Pavol
Ente Autore: Vysoká škola ekonomická v Bratislave. Národohospodárska fakulta
Altri autori: Makúch, Jozef, 1953-
Natura: Libro
Lingua:slovacco
Pubblicazione: Bratislava VŠE 1987
Tags: Aggiungi Tag
Nessun Tag, puoi essere il primo ad aggiungerne!!

MARC

LEADER 00000nam a2200000 4500
001 c111725
005 20230116104706.4
041 0 |a slo 
044 |a SK 
245 1 0 |a Organizácia a riadenie bankovníctva v ČSSR  |c Pavol Gallo, Jozef Makúch 
264 1 |a Bratislava  |b VŠE  |c 1987 
300 |a 240 s. 
100 1 |a Gallo, Pavol 
700 1 |a Makúch, Jozef, 1953- 
710 2 |a Vysoká škola ekonomická v Bratislave. Národohospodárska fakulta